000 00315nam a2200133Ia 4500
008 230917s9999||||xx |||||||||||||| ||und||
040 _e146143
_aMAIN
041 _aEnglish
082 _a158.7 S12I
100 _aSaal, Frank E.
245 0 _aIndustrial organizational Psychology
300 _a578p p.
942 _cBK
999 _c61663
_d61663